[Event "Barkhuus Memorial"]
[Site "Vanlose"]
[Date "2005.07.30"]
[Round "4"]
[White "Askgaard, Jens"]
[Black "Damm, Kasper Wilken"]
[Result "0-1"]
[WhiteElo "2082"]
[BlackElo "2199"]
[PlyCount "76"]
[EventDate "2005.07.27"]
[EventType "swiss"]
[EventRounds "7"]
[EventCountry "DEN"]
[SourceTitle "CBM 107 Extra"]
[Source "ChessBase"]
[SourceDate "2005.09.01"]
[SourceVersion "1"]
[SourceVersionDate "2005.09.01"]
[SourceQuality "1"]

1. d4 Nf6 2. Nf3 g6 3. Nc3 d5 4. Bf4 Bg7 5. e3 0-0 6. Be2 c6 7. Ne5 Nfd7 8. Qd2 f6 9. Nxd7 Qxd7 10. 0-0-0 e5 11. Bg3 b5 12. dxe5 fxe5 13. Nxd5 Qxd5 14. Qxd5+ cxd5 15. Rxd5 a6 16. Bxe5 Bb7 17. Bxg7 Kxg7 18. Rc5 Bxg2 19. Rg1 Bh3 20. f4 Ra7 21. c4 Nd7 22. Rc6 Rf6 23. cxb5 axb5 24. Rxf6 Nxf6 25. Bxb5 Rxa2 26. Kb1 Ra5 27. Bd3 Bf5 28. Bxf5 Rxf5 29. Kc2 Rh5 30. Rg2 Nd5 31. Kd2 Rh3 32. Re2 Kf6 33. b3 Ke6 34. f5+ gxf5 35. e4 fxe4 36. Rxe4+ Kd6 37. Re2 Rxb3 38. Ke1 Re3 0-1

[Event "Koge Bugt"]
[Site "Koge"]
[Date "2003.09.25"]
[Round "7"]
[White "Askgaard, Jens"]
[Black "Christensen, Verner"]
[Result "1-0"]
[WhiteElo "2099"]
[BlackElo "1803"]
[PlyCount "55"]
[EventDate "2003.08.13"]
[EventType "tourn"]
[EventRounds "7"]
[EventCountry "DEN"]
[SourceTitle "EXT 2023"]
[Source "ChessBase"]
[SourceDate "2022.10.05"]
[SourceVersion "1"]
[SourceVersionDate "2022.10.05"]
[SourceQuality "1"]

1. d4 Nf6 2. c4 c5 3. d5 d6 4. Nc3 g6 5. e4 Bg7 6. Be2 Na6 7. Bg5 Bd7 8. f4 Qa5 9. Qd2 0-0-0 10. Nf3 h6 11. Bh4 Rde8 12. 0-0-0 Nb4 13. a3 Na6 14. h3 Ba4 15. Nxa4 Qxa4 16. Bd3 Qd7 17. e5 Nh7 18. Rhe1 Nf8 19. Qc2 Qc7 20. Kb1 Rg8 21. Re2 Bh8 22. Rde1 g5 23. fxg5 Ng6 24. exd6 Qxd6 25. Bxg6 Qxg6 26. Qxg6 Rxg6 27. gxh6 Rb6 28. Bxe7 1-0

[Event "Koge Bugt"]
[Site "Koge"]
[Date "2003.09.10"]
[Round "5"]
[White "Jorgensen, Dennis"]
[Black "Askgaard, Jens"]
[Result "0-1"]
[WhiteElo "1600"]
[BlackElo "2099"]
[PlyCount "76"]
[EventDate "2003.08.13"]
[EventType "tourn"]
[EventRounds "7"]
[EventCountry "DEN"]
[SourceTitle "EXT 2023"]
[Source "ChessBase"]
[SourceDate "2022.10.05"]
[SourceVersion "1"]
[SourceVersionDate "2022.10.05"]
[SourceQuality "1"]

1. e4 e6 2. d4 d5 3. Nd2 c5 4. Ngf3 cxd4 5. exd5 Qxd5 6. Bc4 Qd8 7. 0-0 a6 8. a4 Qc7 9. Bd3 Bd6 10. Ne4 Nc6 11. Re1 Bd7 12. Qe2 Be7 13. b3 Nf6 14. Bb2 Nxe4 15. Qxe4 Bf6 16. Nxd4 Qb6 17. c3 Nxd4 18. cxd4 Qxb3 19. Rab1 Bc6 20. Qe2 Qd5 21. Be4 Qxe4 22. Qxe4 Bxe4 23. Rxe4 0-0-0 24. Kf1 Rd5 25. Rc1+ Kd7 26. Ke2 Ra5 27. Rc4 Rc8 28. Rb4 Rc7 29. Kd3 Be7 30. Rb3 Rxa4 31. d5 Rxe4 32. Kxe4 exd5+ 33. Kxd5 g6 34. Be5 Rc5+ 35. Kd4 b5 36. Rh3 h5 37. Rd3 Ke6 38. Re3 Rd5+ 0-1

[Event "Koge Bugt"]
[Site "Koge"]
[Date "2003.09.03"]
[Round "4"]
[White "Askgaard, Jens"]
[Black "Rasmussen, Christian Ejner"]
[Result "1-0"]
[WhiteElo "2099"]
[BlackElo "1661"]
[PlyCount "65"]
[EventDate "2003.08.13"]
[EventType "tourn"]
[EventRounds "7"]
[EventCountry "DEN"]
[SourceTitle "EXT 2023"]
[Source "ChessBase"]
[SourceDate "2022.10.05"]
[SourceVersion "1"]
[SourceVersionDate "2022.10.05"]
[SourceQuality "1"]

1. d4 Nf6 2. c4 g6 3. Nc3 d5 4. e3 Bg7 5. Qb3 dxc4 6. Bxc4 0-0 7. Nf3 Nc6 8. Be2 b6 9. 0-0 Bb7 10. Rd1 e6 11. e4 Rc8 12. h3 Ne7 13. Qc2 Qe8 14. Be3 Nd7 15. Rac1 a6 16. Qb3 Nf6 17. Bd3 Qd8 18. Bb1 Nc6 19. Qc2 Nb4 20. Qd2 Nc6 21. Bh6 Ne7 22. e5 Nfd5 23. Nh2 Nf5 24. Bxg7 Nxg7 25. Ng4 Qh4 26. Nxd5 Bxd5 27. Nf6+ Kh8 28. Rc3 Nf5 29. Bxf5 gxf5 30. Rg3 h6 31. Qd3 a5 32. Rg4 fxg4 33. Qh7# 1-0

[Event "Vanlose Summer op"]
[Site "Vanlose"]
[Date "2002.08.02"]
[Round "5"]
[White "Jensen, Soren Holm"]
[Black "Askgaard, Jens"]
[Result "0-1"]
[WhiteElo "1953"]
[BlackElo "2106"]
[PlyCount "54"]
[EventDate "2002.07.29"]
[EventType "swiss"]
[EventRounds "7"]
[EventCountry "DEN"]
[SourceTitle "EXT 2018"]
[Source "ChessBase"]
[SourceDate "2017.10.13"]
[SourceVersion "1"]
[SourceVersionDate "2017.10.13"]
[SourceQuality "1"]

1. e4 e6 2. d4 d5 3. Nd2 c5 4. exd5 Qxd5 5. Ngf3 cxd4 6. Bc4 Qd8 7. 0-0 a6 8. a4 Nc6 9. Nb3 Bd6 10. Nbxd4 Nge7 11. b3 Ne5 12. Nxe5 Bxe5 13. Bb2 Qc7 14. g3 Nc6 15. Rb1 0-0 16. Nf3 Bxb2 17. Rxb2 b6 18. Bd3 Bb7 19. Qe2 Nb4 20. Bxh7+ Kxh7 21. Ng5+ Kg6 22. Qg4 f5 23. Qh4 Qc6 24. f3 Qc3 25. Rbb1 Qe3+ 26. Kg2 Rh8 27. Rbe1 Qd2+ 0-1

[Event "Vanlose Summer op"]
[Site "Vanlose"]
[Date "2002.07.31"]
[Round "3"]
[White "Askgaard, Jens"]
[Black "Skjoldan, Benjamin"]
[Result "1/2-1/2"]
[WhiteElo "2106"]
[BlackElo "1882"]
[PlyCount "94"]
[EventDate "2002.07.29"]
[EventType "swiss"]
[EventRounds "7"]
[EventCountry "DEN"]
[SourceTitle "EXT 2018"]
[Source "ChessBase"]
[SourceDate "2017.10.13"]
[SourceVersion "1"]
[SourceVersionDate "2017.10.13"]
[SourceQuality "1"]

1. d4 Nf6 2. c4 g6 3. Nc3 Bg7 4. e4 d6 5. Be2 0-0 6. Bg5 c5 7. d5 Nbd7 8. Qd2 Re8 9. Nf3 a6 10. 0-0 Ng4 11. h3 Nge5 12. Nh2 Nb6 13. b3 f5 14. Rac1 Nf7 15. Bh4 f4 16. f3 g5 17. Bf2 Ne5 18. Rfe1 Rf8 19. Nd1 Nbd7 20. a4 a5 21. Nb2 b6 22. Nd3 Nxd3 23. Bxd3 Ne5 24. Ng4 h5 25. Nxe5 Bxe5 26. Be2 Rf6 27. Qd3 Qf8 28. Kf1 Qh6 29. Red1 g4 30. fxg4 hxg4 31. Bxg4 Bxg4 32. hxg4 f3 33. gxf3 Qh3+ 34. Ke2 Raf8 35. Rh1 Bh2 36. Rxh2 Qxh2 37. Rg1 Rxf3 38. Qxf3 Rxf3 39. Kxf3 Qe5 40. Re1 Kg7 41. Bg3 Qc3+ 42. Re3 Qc1 43. Bf4 Qf1+ 44. Kg3 Qg1+ 45. Kf3 Qh1+ 46. Kg3 Qg1+ 47. Kf3 Qf1+ 1/2-1/2

[Event "Lovsprings op 13th A"]
[Site "Ringsted"]
[Date "2002.05.03"]
[Round "7"]
[White "Jorgensen, Brian"]
[Black "Askgaard, Jens"]
[Result "1-0"]
[WhiteElo "2168"]
[BlackElo "2097"]
[PlyCount "87"]
[EventDate "2002.03.08"]
[EventType "swiss"]
[EventRounds "7"]
[EventCountry "DEN"]
[SourceTitle "EXT 2018"]
[Source "ChessBase"]
[SourceDate "2017.10.13"]
[SourceVersion "1"]
[SourceVersionDate "2017.10.13"]
[SourceQuality "1"]

1. Nf3 d5 2. g3 c6 3. Bg2 Bg4 4. 0-0 Nd7 5. d3 Ngf6 6. Nbd2 e6 7. b3 Bc5 8. Bb2 0-0 9. h3 Bh5 10. Qe1 Qc7 11. Kh1 Rfe8 12. e4 dxe4 13. dxe4 e5 14. Nc4 Bf8 15. Nfd2 a5 16. a4 Nc5 17. f4 exf4 18. gxf4 Nfd7 19. Qf2 f6 20. Rae1 Bf7 21. Ne3 Rad8 22. Nf5 Bg6 23. Nd4 Bf7 24. Nf5 Rc8 25. Qg3 Kh8 26. Bf3 Ne6 27. Be2 g6 28. Ne3 g5 29. Ng4 Bg7 30. e5 f5 31. fxg5 Nxg5 32. Rxf5 Bd5+ 33. Kg1 Ne4 34. Nxe4 Bxe4 35. Rf7 Rg8 36. Bd3 Bd5 37. Qh4 Nf8 38. Ref1 Bxf7 39. Ba3 Bg6 40. Bxf8 Rcxf8 41. Bxg6 Bxe5 42. Nxe5 Rxf1+ 43. Kxf1 Qxe5 44. Qxh7# 1-0

[Event "Lovsprings op 13th A"]
[Site "Ringsted"]
[Date "2002.04.05"]
[Round "4"]
[White "Askgaard, Jens"]
[Black "Abildlund, Jens"]
[Result "1-0"]
[WhiteElo "2097"]
[BlackElo "2091"]
[PlyCount "71"]
[EventDate "2002.03.08"]
[EventType "swiss"]
[EventRounds "7"]
[EventCountry "DEN"]
[SourceTitle "EXT 2018"]
[Source "ChessBase"]
[SourceDate "2017.10.13"]
[SourceVersion "1"]
[SourceVersionDate "2017.10.13"]
[SourceQuality "1"]

1. d4 Nf6 2. c4 c5 3. d5 d6 4. Nc3 g6 5. e4 Bg7 6. Be2 a6 7. a4 0-0 8. Bg5 h6 9. Be3 e5 10. Qd2 Kh7 11. f3 Nh5 12. Bd3 Nf4 13. Bc2 Qb6 14. Nd1 a5 15. g3 Nh3 16. Nxh3 Bxh3 17. g4 f5 18. exf5 gxf5 19. Bxf5+ Rxf5 20. Qd3 Kh8 21. Qxf5 Na6 22. Kf2 Rf8 23. Qe4 h5 24. Kg3 hxg4 25. fxg4 Bf1 26. Nc3 Qxb2 27. Raxf1 Rxf1 28. Rxf1 Qxc3 29. Rf3 Qe1+ 30. Kg2 Qe2+ 31. Rf2 Qd1 32. g5 Kg8 33. Qf5 Qh5 34. Rf3 Nc7 35. Qc8+ Ne8 36. Qe6+ 1-0

[Event "Lovsprings op 13th A"]
[Site "Ringsted"]
[Date "2002.03.15"]
[Round "2"]
[White "Pedersen, Hans Dahl"]
[Black "Askgaard, Jens"]
[Result "1/2-1/2"]
[WhiteElo "2120"]
[BlackElo "2097"]
[PlyCount "44"]
[EventDate "2002.03.08"]
[EventType "swiss"]
[EventRounds "7"]
[EventCountry "DEN"]
[SourceTitle "EXT 2018"]
[Source "ChessBase"]
[SourceDate "2017.10.13"]
[SourceVersion "1"]
[SourceVersionDate "2017.10.13"]
[SourceQuality "1"]

1. c4 Nf6 2. g3 c6 3. Bg2 d5 4. Nf3 Bg4 5. Ne5 Bh5 6. d4 e6 7. Nd2 Nbd7 8. Nd3 Bd6 9. 0-0 0-0 10. b3 Qe7 11. Bb2 a5 12. Nf3 Ne4 13. c5 Bc7 14. Nf4 Bxf4 15. gxf4 Kh8 16. Qd3 f5 17. Ne5 Rg8 18. Qh3 Nxe5 19. Qxh5 Nf7 20. Bxe4 fxe4 21. f3 exf3 22. Rxf3 Nh6 1/2-1/2

[Event "Southcoast Autumn A"]
[Site "Greve"]
[Date "1999.10.24"]
[Round "5"]
[White "Bogdanov, Dimitri"]
[Black "Askgaard, Jens"]
[Result "0-1"]
[WhiteElo "2085"]
[BlackElo "2088"]
[PlyCount "80"]
[EventDate "1999.10.22"]
[EventType "tourn"]
[EventRounds "5"]
[EventCountry "DEN"]
[SourceTitle "EXT 2023"]
[Source "ChessBase"]
[SourceDate "2022.10.05"]
[SourceVersion "1"]
[SourceVersionDate "2022.10.05"]
[SourceQuality "1"]

1. e4 e6 2. Qe2 Be7 3. Nf3 d5 4. e5 c5 5. d3 Nc6 6. g3 h5 7. h4 Nh6 8. c3 Bd7 9. Bg2 Qb6 10. 0-0 0-0-0 11. a3 Nf5 12. Bg5 f6 13. Bf4 Rdg8 14. Qd2 Na5 15. Qd1 Nb3 16. Ra2 g5 17. hxg5 fxg5 18. Bc1 Ba4 19. Qe1 g4 20. Nh2 Rg7 21. Bf4 Qd8 22. c4 d4 23. Nd2 Nxd2 24. Qxd2 h4 25. Re1 hxg3 26. fxg3 Bg5 27. Nf1 Bxf4 28. Qxf4 Qg5 29. Qxg5 Rxg5 30. b4 Ne7 31. bxc5 Bc6 32. Rae2 Rhh5 33. Nd2 Bxg2 34. Kxg2 Nc6 35. Ne4 Rxe5 36. Rf1 Rhf5 37. Nd6+ Kc7 38. Nxf5 Rxe2+ 39. Kg1 exf5 40. Rxf5 Re3 0-1

[Event "Southcoast Autumn A"]
[Site "Greve"]
[Date "1999.10.23"]
[Round "2"]
[White "Askgaard, Jens"]
[Black "Hansen, Lars Henrik Bech"]
[Result "1-0"]
[WhiteElo "2088"]
[BlackElo "2101"]
[PlyCount "71"]
[EventDate "1999.10.22"]
[EventType "tourn"]
[EventRounds "5"]
[EventCountry "DEN"]
[SourceTitle "EXT 2023"]
[Source "ChessBase"]
[SourceDate "2022.10.05"]
[SourceVersion "1"]
[SourceVersionDate "2022.10.05"]
[SourceQuality "1"]

1. d4 Nf6 2. Nf3 g6 3. g3 Bg7 4. Bg2 0-0 5. 0-0 d6 6. Re1 c6 7. e4 Nbd7 8. Nbd2 b5 9. a4 Bb7 10. Nb3 a5 11. axb5 cxb5 12. d5 a4 13. Nbd4 Nc5 14. Ng5 h6 15. Nh3 Qd7 16. f3 Rfb8 17. Nf2 e5 18. dxe6 Nxe6 19. Bh3 Bc8 20. Nxe6 fxe6 21. Nd3 Qf7 22. e5 Ne8 23. exd6 Nxd6 24. Ne5 Bxe5 25. Rxe5 Nc4 26. Re4 Kh7 27. b3 axb3 28. Rxa8 b2 29. Rxb8 b1Q 30. Rxc8 Qa7+ 31. Kg2 Nb6 32. Rc6 Qb7 33. Qd6 Nd5 34. Qxe6 Qxc1 35. Qxg6+ Kh8 36. Re8# 1-0

[Event "Southcoast Autumn A"]
[Site "Greve"]
[Date "1999.10.23"]
[Round "3"]
[White "Kristensen, Brian"]
[Black "Askgaard, Jens"]
[Result "1/2-1/2"]
[WhiteElo "2075"]
[BlackElo "2088"]
[PlyCount "43"]
[EventDate "1999.10.22"]
[EventType "tourn"]
[EventRounds "5"]
[EventCountry "DEN"]
[SourceTitle "EXT 2023"]
[Source "ChessBase"]
[SourceDate "2022.10.05"]
[SourceVersion "1"]
[SourceVersionDate "2022.10.05"]
[SourceQuality "1"]

1. e4 e6 2. d4 d5 3. exd5 exd5 4. c4 Nf6 5. Nc3 Bb4 6. Bd3 0-0 7. Nge2 dxc4 8. Bxc4 Nbd7 9. 0-0 Nb6 10. Bb3 c6 11. Bg5 Qd6 12. Bxf6 Qxf6 13. Ne4 Qh4 14. N2g3 Nd5 15. a3 Be7 16. Nc3 Be6 17. Re1 Bf6 18. Nge4 Nc7 19. Bxe6 Nxe6 20. d5 Bxc3 21. Nxc3 cxd5 22. Qxd5 1/2-1/2

[Event "Koge Bugt Mester"]
[Site "Solrod"]
[Date "1999.08.24"]
[Round "1"]
[White "Pedersen, Hans Dahl"]
[Black "Askgaard, Jens"]
[Result "0-1"]
[WhiteElo "2169"]
[BlackElo "2088"]
[PlyCount "68"]
[EventDate "1999.08.24"]
[EventType "tourn"]
[EventRounds "7"]
[EventCountry "DEN"]
[SourceTitle "EXT 2018"]
[Source "ChessBase"]
[SourceDate "2017.10.13"]
[SourceVersion "1"]
[SourceVersionDate "2017.10.13"]
[SourceQuality "1"]

1. Nf3 e6 2. g3 b6 3. Bg2 Bb7 4. d3 g6 5. e4 Bg7 6. 0-0 Ne7 7. Qe2 0-0 8. Rd1 c5 9. Nbd2 Nbc6 10. c3 Qc7 11. Nf1 d5 12. Bf4 e5 13. Bc1 d4 14. c4 a6 15. a3 b5 16. b3 Rae8 17. h4 f5 18. Ng5 Nc8 19. exf5 Rxf5 20. g4 Rff8 21. Bd5+ Kh8 22. Ne6 Rxe6 23. Bxe6 N8e7 24. g5 Na5 25. Ng3 Qc6 26. Bh3 Nxb3 27. Rb1 bxc4 28. dxc4 Nf5 29. Kh2 Nxc1 30. Rdxc1 Nxh4 31. Rxb7 Qxb7 32. Ne4 Nf3+ 33. Kg3 Qf7 34. Nf6 Nxg5 0-1

[Event "Solrod ChessPrint"]
[Site "Solrod"]
[Date "1999.04.18"]
[Round "4"]
[White "Askgaard, Jens"]
[Black "Nielsen, Jan Mose"]
[Result "1-0"]
[WhiteElo "2073"]
[BlackElo "1912"]
[PlyCount "81"]
[EventDate "1999.04.16"]
[EventType "tourn"]
[EventRounds "5"]
[EventCountry "DEN"]
[SourceTitle "EXT 2023"]
[Source "ChessBase"]
[SourceDate "2022.10.05"]
[SourceVersion "1"]
[SourceVersionDate "2022.10.05"]
[SourceQuality "1"]

1. d4 Nf6 2. Nf3 g6 3. Nc3 d5 4. Bf4 Bg7 5. e3 c6 6. Be2 Bf5 7. Ne5 h5 8. Qd2 Nbd7 9. f3 Qa5 10. e4 Be6 11. 0-0 dxe4 12. fxe4 Nxe5 13. Bxe5 Rd8 14. Qd3 0-0 15. Qg3 Rd7 16. a3 Ng4 17. Bxg7 Kxg7 18. h3 Nh6 19. b4 Qc7 20. Qe3 Rfd8 21. Rad1 f6 22. Na4 b6 23. c4 Bxh3 24. Qxh3 Rxd4 25. Nc3 Rxd1 26. Rxd1 Rxd1+ 27. Bxd1 Qf4 28. Qd3 Qh4 29. Qe3 e5 30. b5 c5 31. Nd5 Ng4 32. Bxg4 Qxg4 33. Qf3 Qh4 34. Kf1 Qg5 35. Ne3 f5 36. exf5 gxf5 37. Nxf5+ Kg6 38. Ne3 Kh6 39. Qf8+ Kh7 40. Qf5+ Qxf5+ 41. Nxf5 1-0

[Event "Solrod ChessPrint"]
[Site "Solrod"]
[Date "1999.04.18"]
[Round "5"]
[White "Stojanovski, Sandi"]
[Black "Askgaard, Jens"]
[Result "0-1"]
[WhiteElo "2196"]
[BlackElo "2073"]
[PlyCount "88"]
[EventDate "1999.04.16"]
[EventType "tourn"]
[EventRounds "5"]
[EventCountry "DEN"]
[SourceTitle "EXT 2023"]
[Source "ChessBase"]
[SourceDate "2022.10.05"]
[SourceVersion "1"]
[SourceVersionDate "2022.10.05"]
[SourceQuality "1"]

1. d4 d5 2. Nf3 c6 3. c4 Nf6 4. g3 Bf5 5. Nc3 e6 6. Bg2 h6 7. 0-0 Nbd7 8. Qb3 Qb6 9. c5 Qxb3 10. axb3 Be7 11. b4 Ne4 12. Nd2 Nxc3 13. bxc3 0-0 14. f3 e5 15. e4 Be6 16. f4 exf4 17. exd5 Bxd5 18. Bxd5 cxd5 19. gxf4 a6 20. Nf3 Nf6 21. Re1 Rfe8 22. b5 Kf8 23. b6 Rad8 24. Ne5 Ne4 25. c4 f5 26. cxd5 Rxd5 27. Be3 Bf6 28. c6 Bxe5 29. fxe5 bxc6 30. Rxa6 Rb5 31. Rf1 g6 32. Bxh6+ Kf7 33. Ra7+ Re7 34. Rc1 Rxb6 35. Ra8 g5 36. Rc8 Re6 37. d5 cxd5 38. R1c7+ Kg6 39. Rh8 Kh5 40. Bg7+ Kg4 41. Rd8 Rb1+ 42. Kg2 Rb2+ 43. Kf1 Kf3 44. Ke1 Ra6 0-1

[Event "Solrod ChessPrint"]
[Site "Solrod"]
[Date "1999.04.17"]
[Round "3"]
[White "Christiansen, Erling"]
[Black "Askgaard, Jens"]
[Result "0-1"]
[WhiteElo "1886"]
[BlackElo "2073"]
[PlyCount "86"]
[EventDate "1999.04.16"]
[EventType "tourn"]
[EventRounds "5"]
[EventCountry "DEN"]
[SourceTitle "EXT 2023"]
[Source "ChessBase"]
[SourceDate "2022.10.05"]
[SourceVersion "1"]
[SourceVersionDate "2022.10.05"]
[SourceQuality "1"]

1. e4 e6 2. d4 d5 3. e5 c5 4. c3 Qb6 5. Nf3 Bd7 6. Be2 cxd4 7. cxd4 Bb5 8. 0-0 Bxe2 9. Qxe2 Ne7 10. Nc3 Nf5 11. Be3 Be7 12. Rac1 0-0 13. a3 Nd7 14. b4 a5 15. Na4 Qa7 16. Nc5 b6 17. Nd3 Rfc8 18. Qb2 axb4 19. axb4 Qb7 20. Bd2 Nf8 21. Ra1 Rc4 22. Rxa8 Qxa8 23. Bc3 Qc8 24. Rc1 h5 25. Nd2 Rc7 26. Nb3 Nh7 27. f4 Ne3 28. Qd2 Nc4 29. Qe1 Nf8 30. g3 g6 31. Nd2 Nxe5 32. fxe5 Rxc3 33. Nb3 Rxc1 34. Nbxc1 Qc4 35. Qe3 Bxb4 36. Ne2 Be7 37. Kg2 Kg7 38. h4 Qc2 39. Kh3 Qb1 40. Qf3 b5 41. g4 hxg4+ 42. Kxg4 b4 43. Nec1 b3 0-1

[Event "Lovfalds 12th B"]
[Site "Ringsted"]
[Date "1998.09.20"]
[Round "5"]
[White "Arnkilde, Anders"]
[Black "Askgaard, Jens"]
[Result "1/2-1/2"]
[WhiteElo "2041"]
[BlackElo "2061"]
[PlyCount "92"]
[EventDate "1998.09.18"]
[EventType "tourn"]
[EventRounds "5"]
[EventCountry "DEN"]
[SourceTitle "EXT 2023"]
[Source "ChessBase"]
[SourceDate "2022.10.05"]
[SourceVersion "1"]
[SourceVersionDate "2022.10.05"]
[SourceQuality "1"]

1. d4 d5 2. Nf3 Nf6 3. e3 Bf5 4. Be2 e6 5. 0-0 h6 6. b3 Be7 7. Bb2 0-0 8. Nbd2 Nbd7 9. Re1 Ne4 10. Nxe4 Bxe4 11. Bd3 Bxd3 12. Qxd3 Nf6 13. c4 c6 14. Re2 Bd6 15. g3 Ne4 16. Kg2 g5 17. h4 g4 18. Ne5 f5 19. Ng6 Rf7 20. Nf4 Bxf4 21. exf4 a6 22. c5 Rf8 23. Rc1 Qd7 24. Rcc2 h5 25. a3 Kf7 26. Re1 Rg8 27. Rb1 Rge8 28. Bc1 Rg8 29. b4 Ra7 30. a4 Rga8 31. Rcb2 Kf6 32. Be3 Qe8 33. Qc2 Qd7 34. Qc1 Qe8 35. b5 axb5 36. axb5 Qc8 37. bxc6 bxc6 38. Rb6 Ra2 39. Rb7 R8a3 40. R7b3 Rxb3 41. Rxb3 Qa6 42. Qf1 Qxf1+ 43. Kxf1 Rxf2+ 44. Bxf2 Nd2+ 45. Ke2 Nxb3 46. Kd3 Na5 1/2-1/2

[Event "Politiken Cup 19th"]
[Site "Copenhagen"]
[Date "1997.07.06"]
[Round "2"]
[White "Adamski, Jan"]
[Black "Askgaard, Jens"]
[Result "1-0"]
[WhiteElo "2390"]
[BlackElo "2115"]
[PlyCount "77"]
[EventDate "1997.07.??"]
[EventType "swiss"]
[EventRounds "11"]
[EventCountry "DEN"]
[SourceTitle "EXT 2000"]
[Source "ChessBase"]
[SourceDate "1999.11.16"]
[SourceVersion "1"]
[SourceVersionDate "1999.11.16"]
[SourceQuality "1"]

1. c4 f5 2. Nc3 Nf6 3. g3 e6 4. Nf3 d5 5. Bg2 c6 6. d3 Be7 7. 0-0 0-0 8. e4 dxe4 9. dxe4 Nbd7 10. Qe2 Nc5 11. Rd1 Qe8 12. e5 Nfe4 13. Nxe4 Nxe4 14. Nd2 Ng5 15. f4 Nf7 16. Nb3 b6 17. Be3 Bb7 18. a4 Qc8 19. c5 Qc7 20. Qf2 bxc5 21. Bxc5 Rfd8 22. Bxe7 Qxe7 23. Nc5 Rxd1+ 24. Rxd1 Rd8 25. Rxd8+ Nxd8 26. b4 Qc7 27. Qd4 a5 28. Bf1 Bc8 29. bxa5 Qxa5 30. Nb3 Qd5 31. Bc4 Qxd4+ 32. Nxd4 Kf7 33. Nxf5 Nb7 34. Kf2 g6 35. Nd4 Na5 36. Ba2 Bd7 37. Nb3 Nc4 38. Nc5 Nb6 39. a5 1-0

[Event "Lovsprings op 09th"]
[Site "Ringsted"]
[Date "1997.04.04"]
[Round "3"]
[White "Jorgensen, Gert"]
[Black "Askgaard, Jens"]
[Result "0-1"]
[WhiteElo "2019"]
[BlackElo "2067"]
[PlyCount "80"]
[EventDate "1997.03.14"]
[EventType "swiss"]
[EventRounds "7"]
[EventCountry "DEN"]
[SourceTitle "EXT 2018"]
[Source "ChessBase"]
[SourceDate "2017.10.13"]
[SourceVersion "1"]
[SourceVersionDate "2017.10.13"]
[SourceQuality "1"]

1. d4 d5 2. Bf4 Nf6 3. e3 e6 4. Nf3 c5 5. c3 Nc6 6. Bd3 Qb6 7. Qb3 c4 8. Qxb6 axb6 9. Bc2 b5 10. Nbd2 b4 11. 0-0 Be7 12. Ne5 Nxe5 13. Bxe5 0-0 14. Bxf6 gxf6 15. f4 f5 16. cxb4 Bxb4 17. Nb1 Bd7 18. a3 Ra6 19. h3 Rfa8 20. g4 fxg4 21. hxg4 b5 22. Kf2 Bf8 23. Rh1 h6 24. g5 hxg5 25. fxg5 b4 26. Bh7+ Kg7 27. e4 bxa3 28. bxa3 Bxa3 29. Nxa3 Rxa3 30. Rxa3 Rxa3 31. e5 Ba4 32. Bb1 c3 33. Bd3 Ra2+ 34. Ke3 Rg2 35. Rc1 c2 36. Ba6 Rxg5 37. Kd2 Rg3 38. Bd3 Kh6 39. Rh1+ Kg5 40. Rf1 Rxd3+ 0-1

[Event "Koge op-A"]
[Site "Koge"]
[Date "1997.??.??"]
[Round "8"]
[White "Askgaard, Jens"]
[Black "Jorgensen, Stig E"]
[Result "0-1"]
[WhiteElo "2115"]
[BlackElo "2020"]
[PlyCount "56"]
[EventDate "1997.??.??"]
[EventType "swiss"]
[EventRounds "9"]
[EventCountry "DEN"]
[SourceTitle "EXT 2000"]
[Source "ChessBase"]
[SourceDate "1999.11.16"]
[SourceVersion "1"]
[SourceVersionDate "1999.11.16"]
[SourceQuality "1"]

1. d4 g6 2. c4 Bg7 3. Nc3 d6 4. e4 Nc6 5. Nge2 e5 6. Be3 f5 7. f3 Nf6 8. exf5 Bxf5 9. d5 Ne7 10. Ng3 0-0 11. Bd3 Qd7 12. 0-0 Bxd3 13. Qxd3 Nf5 14. Bf2 Nxg3 15. Bxg3 Nh5 16. Ne4 h6 17. Rac1 Qf5 18. Rfd1 Nf6 19. Nxf6+ Bxf6 20. Rc2 Rae8 21. Qe4 Bg5 22. Bf2 h5 23. c5 Rf7 24. Rd3 Ref8 25. cxd6 cxd6 26. Qxf5 gxf5 27. Bxa7 Ra8 28. Ra3 Rxa7 0-1